| 000 | 00553nam a2200205 a 4500 | ||
|---|---|---|---|
| 005 | 20250619063853.0 | ||
| 008 | 080605s1988 ea r 000 0 eng d | ||
| 020 | _a0471876216 | ||
| 035 | _aUPN01000156606 | ||
| 049 | _aCG | ||
| 050 | 4 |
_aQP360 _bB7.2 |
|
| 100 | 1 | _aBridgeman, Bruce | |
| 245 | 1 | 4 |
_aThe biology of behavior and mind / _cBruce Bridgeman. |
| 260 |
_aNew York : _bWiley, _c1988. |
||
| 300 |
_axii, 547 p. : _bil. |
||
| 650 | 4 |
_aPsicofisiología _9452 |
|
| 650 | 4 |
_aNeuropsicología _910531 |
|
| 650 | 4 |
_aCerebro _95053 |
|
| 905 | _aLibro | ||
| 999 |
_c128720 _d128720 |
||